Geography Quiz

Random Geography or City Quiz

California Cities 'P' Quiz Stats

Quiz not verified by Sporcle

Challenge
Share
Tweet
Embed
Score 0/32 Timer 07:00
0 Plays Today
County City % Correct
Los AngelesPasadena
92.7%
Los AngelesPalmdale
90.2%
RiversidePalm Springs
87.8%
Los AngelesPomona
85.4%
Santa ClaraPalo Alto
80.5%
AlamedaPleasanton
73.2%
SonomaPetaluma
73.2%
RiversidePalm Desert
73.2%
RiversidePerris
68.3%
San Luis ObispoPaso Robles
68.3%
El DoradoPlacerville
65.9%
Contra CostaPittsburg
61%
San DiegoPoway
58.5%
Los AngelesPico Rivera
53.7%
TularePorterville
53.7%
OrangePlacentia
51.2%
County City % Correct
San MateoPacifica
51.2%
VenturaPort Hueneme
51.2%
Los AngelesParamount
48.8%
ButteParadise
48.8%
AlamedaPiedmont
48.8%
Contra CostaPleasant Hill
46.3%
Contra CostaPinole
46.3%
San Luis ObispoPismo Beach
43.9%
PlumasPortola
43.9%
MontereyPacific Grove
41.5%
Los AngelesPalos Verdes Estates
36.6%
San MateoPortola Valley
36.6%
StanislausPatterson
29.3%
FresnoParlier
29.3%
AmadorPlymouth
22%
MendocinoPoint Arena
19.5%

You're not logged in!

Compare scores with friends on all Sporcle quizzes.
Sign Up with Email
OR
Log In

You Might Also Like...

Show Comments

Extras

Top Quizzes Today


Score Distribution

Your Account Isn't Verified!

In order to create a playlist on Sporcle, you need to verify the email address you used during registration. Go to your Sporcle Settings to finish the process.

Report this User

Report this user for behavior that violates our Community Guidelines.

Details: